Financovanie politiky zamestnanosti v SR a porovnanie s EÚ27

Stručný prehľad financovania politiky zamestnanosti v SR. Porovnanie množstva vynaložených finančných prostriedkov na realizáciu opatrení politík zamestnanosti v SR a v EU27. Nevyhnutnosť štátnej aktívnej politiky trhu práce v súčasnom období recesie.

Saved in:
Bibliographic Details
Main Author: Poláčiková, Zuzana
Format: Book Chapter
Language:Slovak
Subjects:
Tags: Add Tag
No Tags, Be the first to tag this record!

MARC

LEADER 00000naa$a2200000$$$4500
001 0111239
005 20240502072230.2
041 0 |a slo 
044 |a SK 
245 1 0 |a Financovanie politiky zamestnanosti v SR a porovnanie s EÚ27  |c Zuzana Poláčiková 
520 |a Stručný prehľad financovania politiky zamestnanosti v SR. Porovnanie množstva vynaložených finančných prostriedkov na realizáciu opatrení politík zamestnanosti v SR a v EU27. Nevyhnutnosť štátnej aktívnej politiky trhu práce v súčasnom období recesie. 
610 2 0 |a politika zamestnanosti 
610 2 0 |a financovanie 
610 2 0 |a Slovensko 
610 2 0 |a Európska únia 
610 2 0 |a porovnanie medzinárodné 
610 2 0 |a recesia 
100 1 |a Poláčiková, Zuzana